| 000 | 00686nam a22001817a 4500 | ||
|---|---|---|---|
| 005 | 20120202122413.0 | ||
| 008 | 120202t xxu||||| |||| 00| 0 eng d | ||
| 020 |
_a812241267X _c00.00 |
||
| 035 | _aB-45270 | ||
| 040 |
_aDPL _bENG |
||
| 100 |
_aRam, B. _940588 |
||
| 245 |
_aComputer fundamentals architecture and organiztion / _cby B. Ram |
||
| 250 | _a3rd ed. | ||
| 260 |
_aNew Delhi _bNew Age International (P) Ltd. _c2001 |
||
| 300 |
_avarious pages _c20 cms. |
||
| 942 |
_2ddc _cEN _h004.22 _mRAM |
||
| 999 |
_c61805 _d61805 |
||